La scienza e Dio
| Main Author: | |
|---|---|
| Contributors: | |
| Format: | Print Book |
| Language: | Italian |
| Subito Delivery Service: | Order now. |
| Check availability: | HBZ Gateway |
| WorldCat: | WorldCat |
| Interlibrary Loan: | Interlibrary Loan for the Fachinformationsdienste (Specialized Information Services in Germany) |
| Published: |
Brescia
Ed. La Scuola
2012
|
| In: |
Orso blu (15)
Year: 2012 |
| Series/Journal: | Orso blu
15 |
| Standardized Subjects / Keyword chains: | B
Natural sciences
/ Theology
|
| Further subjects: | B
Religion and science
B Heller, Michał Interviews B Scientists (Poland) Interviews B Priests (Poland) Interviews |
| Online Access: |
Table of Contents |
MARC
| LEADER | 00000cam a2200000 c 4500 | ||
|---|---|---|---|
| 001 | 161859219X | ||
| 003 | DE-627 | ||
| 005 | 20251225201217.0 | ||
| 007 | tu | ||
| 008 | 120904s2012 it ||||| 00| ||ita c | ||
| 020 | |a 9788835029595 |c 11.00 EUR |9 978-88-350-2959-5 | ||
| 020 | |a 8835029597 |9 88-350-2959-7 | ||
| 035 | |a (DE-627)161859219X | ||
| 035 | |a (DE-576)370629752 | ||
| 035 | |a (DE-599)BSZ370629752 | ||
| 035 | |a (OCoLC)812316405 | ||
| 035 | |a (ZDB-21-EIL)1218019X | ||
| 040 | |a DE-627 |b ger |c DE-627 |e rakwb | ||
| 041 | |a ita | ||
| 044 | |c XA-IT | ||
| 050 | 0 | |a BL | |
| 050 | 0 | |a BL240.3 | |
| 082 | 0 | |a 215 | |
| 082 | 0 | |a 215 |2 21 | |
| 084 | |a 1 |2 ssgn | ||
| 100 | 1 | |0 (DE-588)122557670 |0 (DE-627)082015910 |0 (DE-576)168106574 |4 aut |a Heller, Michał |d 1936- | |
| 109 | |a Heller, Michał 1936- |a Heller, Michael 1936- |a Heller, M. 1936- | ||
| 191 | |a 1 | ||
| 245 | 1 | 3 | |a La scienza e Dio |c Michael Heller. A cura di Giulio Brotti |
| 264 | 1 | |a Brescia |b Ed. La Scuola |c 2012 | |
| 300 | |a 175 S. |c 20 cm | ||
| 336 | |a Text |b txt |2 rdacontent | ||
| 337 | |a ohne Hilfsmittel zu benutzen |b n |2 rdamedia | ||
| 338 | |a Band |b nc |2 rdacarrier | ||
| 490 | 1 | |a Orso blu |v 15 | |
| 500 | |a Contains bibliographical references, notes and internet addresses. - Interview | ||
| 583 | 1 | |a Archivierung/Langzeitarchivierung gewährleistet |f SSG |x XA-DE-BW |2 pdager |5 DE-21 | |
| 600 | 1 | 0 | |a Heller, Michał |v Interviews |
| 650 | 0 | |a Religion and science | |
| 650 | 0 | |a Scientists |z Poland |v Interviews | |
| 650 | 0 | |a Priests |z Poland |v Interviews | |
| 689 | 0 | 0 | |d s |0 (DE-588)4041421-8 |0 (DE-627)106219324 |0 (DE-576)209044837 |2 gnd |a Naturwissenschaften |
| 689 | 0 | 1 | |d s |0 (DE-588)4059758-1 |0 (DE-627)104131446 |0 (DE-576)209132159 |2 gnd |a Theologie |
| 689 | 0 | |5 (DE-627) | |
| 689 | 1 | 0 | |d s |0 (DE-588)4041421-8 |0 (DE-627)106219324 |0 (DE-576)209044837 |2 gnd |a Naturwissenschaften |
| 689 | 1 | 1 | |d s |0 (DE-588)4059758-1 |0 (DE-627)104131446 |0 (DE-576)209132159 |2 gnd |a Theologie |
| 689 | 1 | |5 (DE-627) | |
| 700 | 1 | |a Brotti, Giulio |e Hrsg. |4 edt | |
| 830 | 0 | |a Orso blu |v 15 |9 15 |w (DE-627)775227870 |w (DE-576)350158614 |w (DE-600)2749807-4 |x 2282-6076 |7 am | |
| 856 | 4 | 2 | |u https://swbplus.bsz-bw.de/bsz370629752inh.htm |m B:DE-576;DE-21 |q application/pdf |v 20130117130603 |x Verlag |3 Inhaltsverzeichnis |7 1 |
| 935 | |a mteo | ||
| 951 | |a BO | ||
| ELC | |b 1 | ||
| ITA | |a 1 |t 1 | ||
| LOK | |0 000 xxxxxcx a22 zn 4500 | ||
| LOK | |0 001 3217696484 | ||
| LOK | |0 003 DE-627 | ||
| LOK | |0 004 161859219X | ||
| LOK | |0 005 20130111101411 | ||
| LOK | |0 008 120904||||||||||||||||ger||||||| | ||
| LOK | |0 040 |a DE-21 |c DE-627 |d DE-21 | ||
| LOK | |0 852 |a DE-21 | ||
| LOK | |0 852 1 |c 53 A 247 |9 00 | ||
| LOK | |0 935 |a theo | ||
| LOK | |0 936ln |a t1 | ||
| LOK | |0 938 |a 1301 |f 2 | ||
| LOK | |0 939 |a 04-09-12 |b l01 | ||
| ORI | |a SA-MARC-ixtheoa001.raw | ||
| REL | |a 1 | ||
| STA | 0 | 0 | |a Natural sciences,Natural sciences,Natural science,Science in literature,Theology,Theology |
| STB | 0 | 0 | |a Sciences de la nature,Sciences de la nature,Sciences,Sciences,Sciences (motif),Sciences,Théologie,Théologie |
| STC | 0 | 0 | |a Ciencias naturales,Ciencias naturales,Teología,Teología |
| STD | 0 | 0 | |a Scienze naturali,Scienze naturali,Teologia,Teologia |
| STE | 0 | 0 | |a 神学家,自然科学,自然科学 |
| STF | 0 | 0 | |a 神學家,自然科學,自然科學 |
| STG | 0 | 0 | |a Ciências naturais,Ciências naturais,Teologia,Teologia |
| STH | 0 | 0 | |a Богословие (мотив),Богословие,Естественные науки (мотив),Естественные науки |
| STI | 0 | 0 | |a Θεολογία (μοτίβο),Θεολογία,Φυσικές επιστήμες (μοτίβο),Φυσικές επιστήμες |
| SUB | |a REL | ||
| SYG | 0 | 0 | |a Naturforschung,Naturlehre,Naturwissenschaft,Naturforschung,Naturlehre,Naturwissenschaft , Christliche Theologie , Naturforschung,Naturlehre,Naturwissenschaft,Naturforschung,Naturlehre,Naturwissenschaft , Christliche Theologie |



